Match the University to the US State - Statistics

General Stats
  • This quiz has been taken 66 times
  • The average score is 15 of 18
Answer Stats
University State % Correct
Stanford California
100%
Harvard Massachusetts
96%
Rice Texas
95%
Auburn Alabama
91%
Binghamton New York
91%
Clemson South Carolina
91%
Vanderbilt Tennessee
91%
Gonzaga Washington
89%
Rutgers New Jersey
88%
James Madison Virginia
88%
Emory Georgia
86%
Ball State Indiana
84%
Oakland Michigan
82%
Case Western Reserve Ohio
82%
Appalachian State North Carolina
79%
Creighton Nebraska
63%
Stonybrook Pennsylvania
61%
Salve Regina Rhode Island
50%
No matching quizzes found
Score Distribution
Percent of People with Each Score
Percentile by Number Answered
Your Score History
You have not taken this quiz